MEMORIA DE UN DEBATE (1880) LA POSTURADE MEXICO FRENTE AL PATRIMONIO ARQUEOLOGICO NACIONAL (Registro nro. 17415)
[ vista simple ]
| 000 -LEADER | |
|---|---|
| fixed length control field | 00589nam a2200205 a 4500 |
| 001 - CONTROL NUMBER | |
| control field | 17415 |
| 005 - DATE AND TIME OF LATEST TRANSACTION | |
| control field | 20180713210542.0 |
| 008 - FIXED-LENGTH DATA ELEMENTS--GENERAL INFORMATION | |
| fixed length control field | 140415s1990 mx 000 0 spa d |
| 020 ## - INTERNATIONAL STANDARD BOOK NUMBER | |
| International Standard Book Number | 9683611796 |
| 041 ## - LANGUAGE CODE | |
| Language code of text/sound track or separate title | spa |
| 082 ## - DEWEY DECIMAL CLASSIFICATION NUMBER | |
| Classification number | 930.1 |
| Item number | DIA |
| 100 1# - MAIN ENTRY--PERSONAL NAME | |
| Personal name | DIAZ Y DE OVANDO, CLEMENTINA |
| 245 10 - TITLE STATEMENT | |
| Title | MEMORIA DE UN DEBATE (1880) LA POSTURADE MEXICO FRENTE AL PATRIMONIO ARQUEOLOGICO NACIONAL |
| 250 ## - EDITION STATEMENT | |
| Edition statement | 1a ed. |
| 260 ## - PUBLICATION, DISTRIBUTION, ETC. | |
| Place of publication, distribution, etc. | MEXICO : |
| Name of publisher, distributor, etc. | UNAM, |
| Date of publication, distribution, etc. | 1990 |
| 300 ## - PHYSICAL DESCRIPTION | |
| Extent | 97 |
| 490 ## - SERIES STATEMENT | |
| Series statement | DIVULGACION |
| Volume/sequential designation | 3 |
| 500 ## - GENERAL NOTE | |
| General note | (COLEC. DUVULGACION; 3) |
| 650 14 - SUBJECT ADDED ENTRY--TOPICAL TERM | |
| Topical term or geographic name entry element | ARQUEOLOGIA |
| General subdivision | MEXICO |
| Withdrawn status | Lost status | Source of classification or shelving scheme | Damaged status | Not for loan | Collection code | Home library | Current library | Shelving location | Date acquired | Source of acquisition | Inventory number | Total Checkouts | Full call number | Barcode | Date last seen | Price effective from | Koha item type |
|---|---|---|---|---|---|---|---|---|---|---|---|---|---|---|---|---|---|
| Dewey Decimal Classification | General | Biblioteca Karol Wojtyla | Biblioteca Karol Wojtyla | Sala general | 03/12/2013 | Compra | 151000000000000000036223 | 930.1 DIA | 35573 | 05/01/2026 | 03/12/2013 | Libro |